Hayat-E-jaweed (Record no. 2454)

MARC details
000 -LEADER
fixed length control field 00579nam a2200241 a 4500
020 ## - INTERNATIONAL STANDARD BOOK NUMBER
ISBN
082 00 - DEWEY DECIMAL CLASSIFICATION NUMBER
Classification number 922.97
Author Cutter HAL
100 ## - MAIN ENTRY--AUTHOR NAME
Author name Hussain, Altaf
245 ## - TITLE STATEMENT
Title Hayat-E-jaweed
260 ## - PUBLICATION, DISTRIBUTION, ETC. (IMPRINT)
Place of publication Delhi
Name of publisher Idarah-Iadabiyat-I Delli
Year of publication 1901
300 ## - PHYSICAL DESCRIPTION
Number of Pages 00p
500 ## - GENERAL NOTE
General note includes index and biblioraphy
650 ## - SUBJECT ADDED ENTRY--TOPICAL TERM
Topical Term Syed Ahmed Khan-Islam
650 ## - SUBJECT ADDED ENTRY--TOPICAL TERM
Topical Term Syed Ahmad Khan
942 ## - ADDED ENTRY ELEMENTS (KOHA)
Koha item type Books
700 1# -
-- Hussain, Altaf
Holdings
Home library Current library Date acquired Cost, normal purchase price Full call number Accession Number Koha item type
Henry Martyn Institute Library Henry Martyn Institute Library   100.00 922.97 HAL 4152 Archive Book
Henry Martyn Institute Library Henry Martyn Institute Library   80.00 922.97 HAL 12281 E-Books
                   Copyright © 2026 | Henry Martyn Institute | Hyderabad | TS-500052 | INDIA | Implemented by hmi.edu.in
Hit-Count:

Powered by Koha